000 01110nam a22003137a 4500
001 BR8601073
003 BR-BrBNA
005 20230928092239.0
007 ta
008 230509b bl.||||| |||| 00| 0 por d
040 _aBR-BrBNA
_bpor
_cBiblioteca Nacional de Agricultura
041 _a(Por)
072 _aF61; F62
_b0180
_b3840
090 _ 0180 BR8601073
100 1 _aAlves, V.M.C.
110 1 _aUniversidade Federal de Vicosa, MG (Brasil)
_0Tese (Magister Scientiae)
245 1 _aEfeito do aluminio sobre a cinetica de absorcao e translocacao de fosfato e sobre o crescimento e composicao mineral de dois cultivares de trigo
246 1 _a[Effect of aluminium on absorption Kinetic and phosphate translocation and on the growth and mineral composition of two wheat cultivars]
260 3 _aVicosa, MG (Brasil):
_c1984.
300 _a45 p.
500 _a15 tables; Bibliography p. 28-35 (85 ref.); Summary (Por)
650 _aTRIGO
650 _aVARIEDADE
650 _aALUMINIO
650 _aABSORCAO
650 _aCRESCIMENTO
909 _a202309
_bLucia
_c55
_dLucia Elande
942 _cBK
999 _c37902
_d37902